00470 2200205 4500001002100000005001500021035002000036007000300056008004100059082000800100084001400108100001500122245002200137250001600159260002800175300002300203600002200226856000800248990000800256INLIS00000000000012720260203090515 a0010-0226000018ta260203 0  a200 a200 AL- k0 aAL-GHAZALI1 aKIMIA KEBAHAGIAAN akedua belas aBANDUNG :bMIZAN,c1995 a123 hlm ;c17,5 cm 4aKIMIA KEBAHAGIAAN a200 a109